Amending the ANCSA and ANILCA; and the Hood Bay Land Exchange Act : hearing before the Committee on Energy and Natural Resources, United States Senate, One Hundred Fifth Congress, first session, on S. 967, to amend the Alaska Native Claims Settlement Act and the Alaska National Interest Lands Conservation Act to benefit Alaska natives and rural residents, and for other purposes : S. 1015, to provide for the exchange of lands within Admiralty Island National Monument, and for other purposes, July 29, 1997.

Saved in:
Bibliographic Details
Corporate Author: United States. Congress. Senate. Committee on Energy and Natural Resources.
Format: Book
Language:English
Published: Washington : U.S. G.P.O. : For sale by the U.S. G.P.O., Supt. of Docs., Congressional Sales Office, 1997.
Series:S. hrg. ; 105-245
Subjects:
Tags: Add Tag
No Tags, Be the first to tag this record!
LEADER 01752cam a2200361 a 4500
001 007728548-4
005 20090722152353.0
008 980331s1997 dcu f000 0 eng c
010 |a  98133455  
020 |a 0160558859 
035 0 |a ocm38417439 
040 |a DGPO/DLC  |c DGPO  |d DLC 
043 |a n-us-ak 
050 0 0 |a KF26  |b .E55 1997f 
074 |a 1040-A 
074 |a 1040-B (MF) 
086 0 |a Y 4.EN 2:S.HRG.105-245 
110 1 |a United States.  |b Congress.  |b Senate.  |b Committee on Energy and Natural Resources. 
245 1 0 |a Amending the ANCSA and ANILCA; and the Hood Bay Land Exchange Act :  |b hearing before the Committee on Energy and Natural Resources, United States Senate, One Hundred Fifth Congress, first session, on S. 967, to amend the Alaska Native Claims Settlement Act and the Alaska National Interest Lands Conservation Act to benefit Alaska natives and rural residents, and for other purposes : S. 1015, to provide for the exchange of lands within Admiralty Island National Monument, and for other purposes, July 29, 1997. 
260 |a Washington :  |b U.S. G.P.O. :  |b For sale by the U.S. G.P.O., Supt. of Docs., Congressional Sales Office,  |c 1997. 
300 |a iii, 99 p. ;  |c 24 cm. 
490 1 |a S. hrg. ;  |v 105-245 
500 |a Distributed to some depository libraries in microfiche. 
500 |a Shipping list no.: 98-0120-P. 
650 0 |a Alaska Natives  |x Claims. 
650 0 |a Alaska Natives  |x Land tenure. 
650 0 |a Mineral lands  |z Alaska. 
650 0 |a Public lands  |z Alaska. 
651 0 |a Admiralty Island National Monument Wilderness (Alaska) 
650 0 |a Land titles  |x Registration and transfer  |z Alaska. 
810 1 |a United States.  |b Congress.  |b Senate.  |t S. hrg. ;  |v 105-245. 
988 |a 20020608 
906 |0 OCLC